Statistics for Sports Stars by Picture & by Letter - 'M'

Click here to take the quiz!

General Stats

  • This quiz has been taken 86 times
  • The average score is 9 of 20

Answer Stats

Answer% Correct
Lionel Messi
95%
Diego Maradona
85%
Andy Murray
77%
Kylian Mbappé
77%
Conor McGregor
76%
Luka Modrić
69%
John McEnroe
65%
Floyd Mayweather Jr.
59%
Rory McIlroy
56%
Phil Mickelson
52%
Danil Medvedev
43%
Rocky Marciano
43%
Eddy Merckx
33%
Edwin Moses
31%
Muttiah Muralitharan
19%
Glenn McGrath
17%
Emma McKeon
9%
Richie McCaw
9%
Sydney McLaughlin-Levrone
9%
Athing Mu
5%

Score Distribution

Percentile by Number Answered

Percent of People with Each Score

Your Score History

You have not taken this quiz